|
|
|
|
| LEADER |
00000nam0a2200000 4500 |
| 001 |
343298 |
| 005 |
20231102005537.0 |
| 010 |
|
|
|a 9785911550509
|
| 035 |
|
|
|a (RuTPU)RU\TPU\book\373324
|
| 090 |
|
|
|a 343298
|
| 100 |
|
|
|a 20190826d2018 k y0rusy50 ca
|
| 101 |
0 |
|
|a rus
|
| 102 |
|
|
|a RU
|
| 105 |
|
|
|a a z 001zy
|
| 200 |
1 |
|
|a Эволюция вещественного и изотопного состава докембрийской литосферы
|f Российская академия наук (РАН), Институт геологии и геохронологии докембрия (ИГГД) ; под ред. В. А. Глебовицкого, Ш. К. Балтыбаева
|
| 210 |
|
|
|a Санкт-Петербург
|c Издательско-полиграфическая ассоциация высших учебных заведений
|d 2018
|
| 215 |
|
|
|a 676 с.
|c ил.
|
| 320 |
|
|
|a Библиогр.: с. 503-584
|
| 330 |
|
|
|a В монографии собраны новейшие данные, полученные авторами при выполнении проектов РФФИ за период 2000-2018 гг., а также обобщены результаты работ по широкому кругу вопросов геологии и геохронологии докембрия в рамках исполнения государственных заданий ИГГД РАН и других научных проектов. Синтез, анализ и представление полученных результатов в доступной печати устанавливают новые рубежи научных знаний, достигнутые за последнее время при изучении фундаментальных вопросов древней геологической истории Земли. Монография предназначена для широкого круга специалистов, изучающих минералогию, петрологию, изотопную геохронологию, металлогению, а также стратиграфию и литологию докембрийского периода развития нашей планеты.
|
| 606 |
1 |
|
|a Докембрий
|2 stltpush
|3 (RuTPU)RU\TPU\subj\67322
|9 83166
|
| 610 |
1 |
|
|a докембрийские отложения
|
| 610 |
1 |
|
|a вещественный состав
|
| 610 |
1 |
|
|a изотопный состав
|
| 610 |
1 |
|
|a архейские комплексы
|
| 610 |
1 |
|
|a Земля
|
| 610 |
1 |
|
|a эволюция
|
| 610 |
1 |
|
|a супракрустальные комплексы
|
| 610 |
1 |
|
|a стратиграфическая реконструкция
|
| 610 |
1 |
|
|a литологическая реконструкция
|
| 610 |
1 |
|
|a петрология
|
| 610 |
1 |
|
|a изотопно-геохимические методы
|
| 610 |
1 |
|
|a геохронологические методы
|
| 610 |
1 |
|
|a металлогения
|
| 610 |
1 |
|
|a полезные ископаемые
|
| 675 |
|
|
|a 551.71/.72
|v 4
|
| 702 |
|
1 |
|a Глебовицкий
|b В. А.
|4 340
|
| 702 |
|
1 |
|a Балтыбаев
|b Ш. К.
|4 340
|
| 712 |
0 |
2 |
|a Российская академия наук (РАН)
|b Институт геологии и геохронологии докембрия (ИГГД)
|c (Санкт-Петербург)
|2 stltpush
|3 (RuTPU)RU\TPU\col\202
|
| 801 |
|
1 |
|a RU
|b 63413507
|c 20190826
|
| 801 |
|
2 |
|a RU
|b 63413507
|c 20191004
|g RCR
|
| 942 |
|
|
|c BK
|